| 000 | 00934na a2200253 4500 | ||
|---|---|---|---|
| 001 | 23862 | ||
| 003 | MIRAKIL | ||
| 005 | 20181213155321.0 | ||
| 008 | 180108b tu 000 0 | ||
| 020 | _a9789944405294 | ||
| 040 |
_aMilas _btur _cTR-AnCHP |
||
| 041 | _atur | ||
| 082 |
_a305.4 _bK22 2008 |
||
| 090 | _a305.4 K22 2008 | ||
| 111 |
_aKadının siyasetteki yerinin güçlendirilmesi konferansı _cİstanbul _d12 Haziran 2007 |
||
| 245 |
_aKadının siyasetteki yerinin güçlendirilmesi konferansı _cTürk Sanayicileri ve işadamları derneği (TÜSİAD) |
||
| 260 |
_aİstanbul _bTürk Sanayicileri ve işadamları derneği (TÜSİAD) _c2008 |
||
| 300 |
_a77 s. _c27 sm. |
||
| 440 |
_aTÜSİAD _vyayın no: TÜSİAD-T/2008-04/456 |
||
| 650 |
_aKadın, Siyasette _xTarih _yTürkiye |
||
| 650 |
_aKadın ve siyaset _xToplantılar |
||
| 710 | _aTürk Sanayicileri ve işadamları derneği (TÜSİAD) | ||
| 942 |
_2ddc _cBKS |
||
| 999 |
_c10431 _d10431 |
||